| LEADER |
00916nam0a2200229 450 |
| 001 |
16848126 |
| 010 |
|
|
|a 979-10-264-0501-6
|b cart.
|d 17,9
|
| 100 |
|
|
|a 20250527d2025 u u0frey01 ba
|
| 101 |
0 |
|
|a fre
|
| 102 |
|
|
|a FR
|
| 200 |
0 |
|
|a fossiles nous racontent la Terre (Les)
|f Amy Atwater
|g illustrations Nat Cardozo
|
| 207 |
|
1 |
|a
|
| 210 |
|
|
|a Grenoble
|c Glénat Jeunesse
|d 2025
|
| 215 |
|
|
|a 1 vol. (24 p.)
|c illustrations en couleur
|d 25 x 29 cm
|
| 225 |
1 |
|
|a Documentaires animés
|
| 300 |
|
|
|a Traduit de l'anglais
|
| 330 |
|
|
|a Une initiation à la paléontologie pour découvrir de surprenants fossiles du monde entier, animaux et végétaux, grâce à des pages en relief.
|
| 700 |
|
0 |
|a Atwater
|b Amy
|4 70
|
| 702 |
|
0 |
|a Cardozo
|b Nat
|4 440
|
| 900 |
|
|
|a Documentaire jeunesse
|
| 901 |
|
|
|a Accessible au prêt
|
| 995 |
|
|
|a Bibliothèque
|c Bibliothèque
|f 00156008862690
|h 00156008862690
|k E 560 ATW
|o p
|q j
|r az
|e Bibliothèque
|